La revolution a refaire
Saved in:
| Main Author: | |
|---|---|
| Format: | Book |
| Language: | French |
| Published: |
Paris :
E. Flammarion,
1937
|
| Subjects: | |
| Tags: |
Add Tag
No Tags, Be the first to tag this record!
|
MARC
| LEADER | 00000cam a2200000 i 4500 | ||
|---|---|---|---|
| 001 | 1/6638 | ||
| 008 | 000615s1937 fre d | ||
| 035 | |l 10062003 | ||
| 040 | |a GR-MY-UA |b gre |e aacr | ||
| 041 | 0 | |a fre | |
| 082 | 0 | |a 944.08 | |
| 100 | 1 | |a Tardieu, André, |d 1876-1945. | |
| 245 | 1 | 3 | |a La revolution a refaire / |c Andre Tardieu |
| 260 | |a Paris : |b E. Flammarion, |c 1937 | ||
| 300 | |a v. ii (362 p.) | ||
| 500 | |a Μόνο για ανάγνωση. Βρίσκεται σε ειδικό ράφι. Διαθέσιμο εάν ζητηθεί. | ||
| 505 | 0 | |a v. 1. Le souverain captif.-- v. 2. La profession parlementaire | |
| 651 | 0 | |a France |x Politics and government |y 1870-1940. | |
| 852 | |a INST |b LESVOS |e 20000615 |h 944.08 TAR |p 005100023972 |q 005100023972 |t BK |y 0 | ||
| 909 | |a Λ |b 050934 | ||
| 970 | |z 2000/06/ΟΙΚΟΝΟΜΟΠΟΥΛΟΥ ΧΡΙΣΤΙΝΑ | ||